ბათუმის შოთა რუსთაველის სახელმწიფო უნივერსიტეტის ბიბლიოთეკა

ჩანაწერი Personal Name

ჩანაწერთა რაოდენობა, რომელიც გამოყენებულია: 2

001 - CONTROL NUMBER

  • control field: 5501

003 - CONTROL NUMBER IDENTIFIER

  • control field: GE_BSU

005 - DATE AND TIME OF LATEST TRANSACTION

  • control field: 20191121155624.0

008 - FIXED-LENGTH DATA ELEMENTS

  • fixed length control field: 191121|| aca||aabn | a|a d

040 ## - CATALOGING SOURCE

  • Original cataloging agency: GE_BSU
  • Transcribing agency: GE_BSU

100 ## - HEADING--PERSONAL NAME

  • Personal name: ბედიაშვილი, ვასო
  • Relator term: დიზაინერი

670 ## - SOURCE DATA FOUND

  • Source citation: Work cat.: (GE_BSU)57118: ვადაჭკორია, შოთა. 5487, ქართული ემიგრაცია და ეროვნულ-განმათავისუფლებელი მოძრაობა საქართველოში (1921-1990). წ.1 =